| 000 | 00681cam a22002292a 4500 | ||
|---|---|---|---|
| 001 | 006530 | ||
| 003 | AR-FADEU | ||
| 008 | 311216n1981####xxu####################dd | ||
| 020 | _a968-429-283-X | ||
| 092 |
_a305.687 207 3 _bB595 |
||
| 100 | _aBilbao, Elena | ||
| 245 | _aLos chicanos : segregación y educación | ||
| 260 | _aMéxico | ||
| 260 | _bCIESAS | ||
| 260 | _bNueva Imagen | ||
| 260 | _c1981 | ||
| 300 | _a258 p. : cuad., map | ||
| 500 | _aIncluye bibliografía | ||
| 700 | _aMaría Antonieta, Gallart | ||
| 650 | _aCHICANOS; MINORIAS RACIALES; MINORIAS LINGUISTICA; ESTADOS UNIDOS-MINORIAS; EDUCACION-MINORIAS; EDUCACION BILINGUE-MINORIAS | ||
| 942 | _cBDGR | ||
| 999 |
_c12350 _d12350 |
||